000 00325nam a2200121Ia 4500
008 220204s9999 xx 000 0 und d
082 _a628.54
_bDOM
245 0 _aEnergy from solid waste: Recent developments
260 _aNew Jersey
_bNoyes Data
_c1979
650 _aEnergy recovery
700 _aDomino, Francis
942 _cBK
999 _c34634
_d34634